000 01091nam0a22002651 4500
001 rc\397411
005 20250621071835.0
035 _a(NLR Aleph) 005646493
090 _a6724731
_c6724731
100 _a20030616d1989 |||y0rusy50 ca
101 0 _arus
102 _aRU
105 _aa |||||||||
200 1 _aИнформационное обеспечение систем фирменного анализа
_e(Метод. пособие)
_fС.С. Терещенко, Г.Х. Лобанов, Р.И. Пушкарская
_gИн-т повышения квалификации информ. работников
210 _aМ.
_cИПКИР
_d1989
215 _a117, [2] с.
_cил.
_d21
_eПрил. (1 л. табл.)
320 _aБиблиогр.: с. 112-115 (44 назв.)
700 1 _aТерещенко
_bС.С.
701 1 _aЛобанов
_bГ.Х.
701 1 _7ca
_8rus
_aПушкарская
_bР. И.
_gРемиза Ивановна
_9224194
_3RU\NLR\AUTH\770224250
801 0 _aRU
_bNLR
_gpsbo
801 1 _aRU
_bELAR
_2rusmarc
852 _aNLR
_j89-3/13181
942 _cBOOK
980 _aNB